Music Quiz

Random Music or Song Quiz

Number one on the Australian charts - 2000s Quiz Stats

 Plays Quiz not verified by Sporcle

Challenge
Share
Tweet
Embed
Score 0/30 Timer 10:00
0 Plays Today
Song Missing Word % Correct
Who Let the ____ Out?Dogs
95.6%
____ Ya!Hey
93.3%
Me, ______ & IMyself
91.1%
Big _____ Don't CryGirls
91.1%
On a Night Like _____This
88.9%
_____ MarmaladeLady
88.9%
_____ About MeWhat
88.9%
We Belong _____Together
88.9%
Don't Stop the ____Music
86.7%
Lose ______Yourself
84.4%
____ Don't LieHips
82.2%
Bridge Over ______ WaterTroubled
75.6%
Smooth ______Criminal
73.3%
A Little ____ ConversationLess
73.3%
I Gotta _____Feeling
73.3%
Song Missing Word % Correct
All the ____ She SaidThings
71.1%
What You _____ For?Waiting
68.9%
The ___ I AreWay
68.9%
____ It ____ ThatLike
62.2%
The ______ Song (Aserejé)Ketchup
60%
_____ FAxel
60%
The Saints Are _____Coming
60%
____ Ho! (You Are My Destiny)Jai
60%
Not Pretty _____Enough
42.2%
No ____Air
42.2%
Straight _____Lines
35.6%
_____ About MeSweet
35.6%
_____ (If This Ain't Love)Groovejet
33.3%
Predictable/Happy _____ (War Is Over)Xmas
31.1%
____ ItFlaunt
15.6%

You're not logged in!

Compare scores with friends on all Sporcle quizzes.
OR
Log In

You Might Also Like...

Show Comments

Extras

Top Quizzes Today


Score Distribution

Your Account Isn't Verified!

In order to create a playlist on Sporcle, you need to verify the email address you used during registration. Go to your Sporcle Settings to finish the process.

Report this User

Report this user for behavior that violates our Community Guidelines.

Details: